[Event "BL 1718 (Women)"]
[Site "Germany"]
[Date "2017.11.18"]
[Round "2.5"]
[White "Silz, Elisa"]
[Black "Diederichs, Luise"]
[Result "1/2-1/2"]
[WhiteElo "1970"]
[BlackElo "1975"]
[PlyCount "69"]
[EventDate "2017.10.01"]
[EventType "team-tourn"]
[EventRounds "11"]
[EventCountry "GER"]
[SourceTitle "EXT 2019"]
[Source "ChessBase"]
[SourceDate "2018.10.10"]
[SourceVersion "1"]
[SourceVersionDate "2018.10.10"]
[SourceQuality "1"]
[WhiteTeam "Kiel Doppelbauer (W)"]
[BlackTeam "Lehrte (W)"]
[WhiteTeamCountry "GER"]
[BlackTeamCountry "GER"]

1. d4 d5 2. c4 c6 3. Nf3 Nf6 4. e3 Bf5 5. Nc3 e6 6. Be2 Nbd7 7. Nh4 Be4 8. f3 Bg6 9. Nxg6 hxg6 10. Qb3 Qc7 11. f4 Be7 12. Bd2 dxc4 13. Bxc4 Ng4 14. h3 a6 15. 0-0 Ngf6 16. e4 b5 17. Be2 b4 18. e5 bxc3 19. exf6 Nxf6 20. Qxc3 Nd5 21. Qa5 Qxa5 22. Bxa5 Kd7 23. Rac1 Bd6 24. Bd2 Rh4 25. Bf3 Rhh8 26. Rc2 Rhc8 27. Rfc1 Rab8 28. g3 Bb4 29. a3 Bxd2 30. Rxd2 Rb3 31. Kf2 Rcb8 32. Bxd5 cxd5 33. Rcc2 Kd6 34. Kg2 Re3 35. Re2 1/2-1/2

[Event "BL2 Ost 1516 (Women)"]
[Site "Germany"]
[Date "2016.01.10"]
[Round "5.1"]
[White "Meyer, Bettina"]
[Black "Diederichs, Luise"]
[Result "1/2-1/2"]
[WhiteElo "1983"]
[BlackElo "1974"]
[PlyCount "54"]
[EventDate "2015.09.26"]
[EventType "team-tourn"]
[EventRounds "7"]
[EventCountry "GER"]
[SourceTitle "EXT 2017"]
[Source "ChessBase"]
[SourceDate "2016.10.25"]
[SourceVersion "1"]
[SourceVersionDate "2016.10.25"]
[SourceQuality "1"]
[WhiteTeam "Hamburger SK (W) II"]
[BlackTeam "Harksheide (W)"]
[WhiteTeamCountry "GER"]
[BlackTeamCountry "GER"]

1. d4 d5 2. c4 c6 3. Nc3 Nf6 4. e3 e6 5. Nf3 Nbd7 6. Qc2 Be7 7. b3 0-0 8. Be2 b6 9. 0-0 Bb7 10. Bb2 c5 11. Rfd1 Rc8 12. Rac1 a6 13. Ne1 dxc4 14. bxc4 cxd4 15. exd4 Qc7 16. Qd3 Rfd8 17. Qh3 Nf8 18. Nc2 Ng6 19. g3 Ne4 20. Nxe4 Bxe4 21. Ne3 Qb7 22. Qf1 Bg5 23. Rc3 Bf6 24. Rcc1 Bg5 25. Rc3 Bf6 26. Rcc1 Bg5 27. f4 Bf6 1/2-1/2

[Event "GER-chT U20 Girls"]
[Site "Osnabrueck"]
[Date "2015.12.29"]
[Round "6.1"]
[White "Hund, Sarah"]
[Black "Diederichs, Luise"]
[Result "1/2-1/2"]
[WhiteElo "1859"]
[BlackElo "1962"]
[PlyCount "60"]
[EventDate "2015.12.27"]
[EventType "team-swiss"]
[EventRounds "7"]
[EventCountry "GER"]
[SourceTitle "EXT 2017"]
[Source "ChessBase"]
[SourceDate "2016.10.25"]
[SourceVersion "1"]
[SourceVersionDate "2016.10.25"]
[SourceQuality "1"]
[WhiteTeam "Freiburg Zaehringen"]
[BlackTeam "Harksheide"]
[WhiteTeamCountry "GER"]
[BlackTeamCountry "GER"]

1. e4 g6 2. d4 d6 3. Nc3 Bg7 4. Nf3 a6 5. g3 Nd7 6. Bg2 c5 7. 0-0 cxd4 8. Nxd4 Ngf6 9. Be3 Ne5 10. h3 Nc4 11. Bc1 e5 12. Nf3 0-0 13. b3 Na5 14. Ba3 Qc7 15. Qd2 Rd8 16. Rac1 Be6 17. Ng5 Rac8 18. Nd5 Bxd5 19. exd5 b5 20. f4 exf4 21. Rxf4 h6 22. Ne4 Nxe4 23. Rxe4 Qb6+ 24. Kh2 Nb7 25. Rf1 Rd7 26. Qe2 Be5 27. Bb2 f6 28. Qg4 Nc5 29. b4 Nxe4 30. Qxd7 Rxc2 1/2-1/2

[Event "GER-chT U20 Girls"]
[Site "Osnabrueck"]
[Date "2015.12.28"]
[Round "4.1"]
[White "Diederichs, Luise"]
[Black "Klek, Hanna Marie"]
[Result "0-1"]
[WhiteElo "1962"]
[BlackElo "2247"]
[PlyCount "112"]
[EventDate "2015.12.27"]
[EventType "team-swiss"]
[EventRounds "7"]
[EventCountry "GER"]
[SourceTitle "EXT 2017"]
[Source "ChessBase"]
[SourceDate "2016.10.25"]
[SourceVersion "1"]
[SourceVersionDate "2016.10.25"]
[SourceQuality "1"]
[WhiteTeam "Harksheide"]
[BlackTeam "Bechhofen"]
[WhiteTeamCountry "GER"]
[BlackTeamCountry "GER"]

1. d4 Nf6 2. c4 e6 3. Nc3 Bb4 4. Nf3 b6 5. Bg5 Bb7 6. e3 h6 7. Bxf6 Qxf6 8. Be2 0-0 9. 0-0 Bxc3 10. bxc3 d6 11. Nd2 Nd7 12. Bf3 Bxf3 13. Nxf3 Qe7 14. Nd2 e5 15. e4 f5 16. f3 Qf6 17. Nb3 fxe4 18. fxe4 Qh4 19. Qd3 Nf6 20. Nd2 Rae8 21. Rae1 Kh8 22. Nf3 Qh5 23. h3 Nd7 24. Nd2 Qg6 25. Nf3 Rf4 26. Nd2 Ref8 27. Rxf4 Rxf4 28. Nf3 Qg3 29. Re2 Nf6 30. Re3 Nh5 31. dxe5 Rf8 32. exd6 Nf4 33. Qd2 Nxh3+ 34. Kh1 cxd6 35. Qe2 Nf2+ 36. Kg1 Ng4 37. Rd3 Re8 38. Rd4 Nf6 39. Qd3 Qf4 40. Rxd6 Qc1+ 41. Kh2 Qf4+ 42. Kg1 Qxe4 43. Qxe4 Rxe4 44. Rd8+ Kh7 45. Rc8 Re2 46. c5 bxc5 47. Rxc5 Rxa2 48. Rc8 Ng4 49. g3 a5 50. c4 Ne3 51. Nh4 a4 52. c5 a3 53. Ra8 Nd5 54. c6 Ra1+ 55. Kh2 a2 56. Nf3 Rf1 0-1

[Event "GER-chT Lands U20"]
[Site "Hannover"]
[Date "2015.10.05"]
[Round "5.3"]
[White "Diederichs, Luise"]
[Black "Pfreundt, Jakob"]
[Result "1/2-1/2"]
[WhiteElo "1972"]
[BlackElo "2211"]
[PlyCount "103"]
[EventDate "2015.10.03"]
[EventType "team-swiss"]
[EventRounds "7"]
[EventCountry "GER"]
[SourceTitle "CBM 168 Extra"]
[Source "ChessBase"]
[SourceDate "2015.10.29"]
[SourceVersion "1"]
[SourceVersionDate "2015.10.29"]
[SourceQuality "1"]
[WhiteTeam "Niedersachsen (U20)"]
[BlackTeam "Hamburg (U20)"]
[WhiteTeamCountry "GER"]
[BlackTeamCountry "GER"]

1. c4 e6 2. d4 d5 3. Nc3 a6 4. cxd5 exd5 5. Nf3 c6 6. Bf4 Bd6 7. Bxd6 Qxd6 8. e3 Ne7 9. Bd3 Bf5 10. 0-0 Bxd3 11. Qxd3 0-0 12. Rfe1 f5 13. Ne5 Nd7 14. f4 b6 15. Rad1 Rfd8 16. Rd2 Qe6 17. h3 Nxe5 18. fxe5 c5 19. Ne2 c4 20. Qc2 Ng6 21. Nf4 Nxf4 22. exf4 b5 23. Rf2 Rf8 24. Qd1 a5 25. g4 Ra7 26. Kh2 Raf7 27. Ref1 b4 28. Kg3 Qc6 29. Qc2 Qb6 30. Rd1 Qe6 31. Qa4 g5 32. Rdf1 fxg4 33. hxg4 Rxf4 34. Rxf4 Rxf4 35. Rxf4 gxf4+ 36. Kxf4 c3 37. bxc3 bxc3 38. Qb3 Qc6 39. Qc2 Qh6+ 40. Kf3 Qh3+ 41. Kf4 Qh6+ 42. Kf3 Qh1+ 43. Kf4 Qf1+ 44. Kg5 h6+ 45. Kxh6 Qf4+ 46. Kh5 Qf7+ 47. Kg5 Qg7+ 48. Kf4 Qh6+ 49. Kf3 Qh3+ 50. Kf4 Qh6+ 51. Kf3 Qh1+ 52. Kf4 1/2-1/2

[Event "GER-chT Lands U20"]
[Site "Hannover"]
[Date "2015.10.04"]
[Round "2.3"]
[White "Peng, Xiang Tobias"]
[Black "Diederichs, Luise"]
[Result "1-0"]
[WhiteElo "1996"]
[BlackElo "1972"]
[PlyCount "113"]
[EventDate "2015.10.03"]
[EventType "team-swiss"]
[EventRounds "7"]
[EventCountry "GER"]
[SourceTitle "CBM 168 Extra"]
[Source "ChessBase"]
[SourceDate "2015.10.29"]
[SourceVersion "1"]
[SourceVersionDate "2015.10.29"]
[SourceQuality "1"]
[WhiteTeam "Wuerttemberg (U20)"]
[BlackTeam "Niedersachsen (U20)"]
[WhiteTeamCountry "GER"]
[BlackTeamCountry "GER"]

1. e4 g6 2. Bc4 Bg7 3. Nf3 d6 4. d4 a6 5. a4 e6 6. Nc3 Ne7 7. Bg5 Nd7 8. 0-0 h6 9. Be3 0-0 10. Re1 Kh7 11. Ne2 d5 12. exd5 Nxd5 13. Nf4 Nxe3 14. Rxe3 Nb6 15. Bd3 Nd5 16. Nxd5 exd5 17. Ne5 Qd6 18. Qe2 Bd7 19. Re1 Bxe5 20. dxe5 Qb4 21. c4 Be6 22. cxd5 Bxd5 23. Qc2 Be6 24. Re4 Qe7 25. f4 Bf5 26. R4e3 Bxd3 27. Rxd3 Qb4 28. Rf1 Qb6+ 29. Kh1 Rad8 30. f5 Rxd3 31. Qxd3 Kg7 32. fxg6 Qxg6 33. Qc4 c6 34. h3 Qg5 35. Qc3 Re8 36. e6+ f6 37. Qd4 Re7 38. Qd6 f5 39. Rf3 Qf6 40. Rg3+ Kh7 41. Re3 Qg5 42. Rd3 Rg7 43. Rd2 Qf6 44. a5 Qg5 45. Re2 Re7 46. Qe5 Qg6 47. Re3 Rg7 48. g4 f4 49. Qxf4 Qb1+ 50. Kg2 Qxb2+ 51. Kg3 Re7 52. Qf5+ Kg7 53. g5 h5 54. Rf3 Qb4 55. Qf8+ Kg6 56. Rf6+ Kxg5 57. Qh6# 1-0

[Event "GER-ch U18 Girls"]
[Site "Willingen"]
[Date "2015.05.27"]
[Round "6"]
[White "Zahn, Alina"]
[Black "Diederichs, Luise"]
[Result "1/2-1/2"]
[WhiteElo "1970"]
[BlackElo "2035"]
[PlyCount "46"]
[EventDate "2015.05.24"]
[EventType "swiss"]
[EventRounds "9"]
[EventCountry "GER"]
[SourceTitle "CBM 166 Extra"]
[Source "ChessBase"]
[SourceDate "2015.06.18"]
[SourceVersion "1"]
[SourceVersionDate "2015.06.18"]
[SourceQuality "1"]

1. e4 c5 2. Nf3 d6 3. d4 cxd4 4. Nxd4 Nf6 5. Nc3 a6 6. g3 e5 7. Nde2 Be6 8. Bg2 Be7 9. h3 b5 10. a3 Nbd7 11. g4 Nb6 12. Ng3 Rc8 13. 0-0 h6 14. Re1 0-0 15. Kh2 Qc7 16. f4 exf4 17. Bxf4 Nc4 18. Bc1 Ne5 19. Rf1 Rfd8 20. Qd4 Nc6 21. Qd1 Ne5 22. Qd4 Nc6 23. Qd1 Ne5 1/2-1/2

[Event "Wch U18 Girls"]
[Site "Durban"]
[Date "2014.09.28"]
[Round "10"]
[White "Machlik, Edit"]
[Black "Diederichs, Luise"]
[Result "0-1"]
[WhiteElo "1929"]
[BlackElo "1992"]
[PlyCount "69"]
[EventDate "2014.09.20"]
[EventType "swiss"]
[EventRounds "11"]
[EventCountry "RSA"]
[SourceTitle "EXT 2022"]
[Source "ChessBase"]
[SourceDate "2021.10.06"]
[SourceVersion "1"]
[SourceVersionDate "2021.10.06"]
[SourceQuality "1"]

1. d4 d5 2. c4 c6 3. Nc3 Nf6 4. Nf3 e6 5. e3 Nbd7 6. Qc2 Bd6 7. b3 0-0 8. Be2 b6 9. 0-0 Bb7 10. Bb2 Rc8 11. Rfe1 Re8 12. Rad1 Qc7 13. Qb1 a6 14. Bf1 Ng4 15. g3 dxc4 16. bxc4 c5 17. d5 Nde5 18. Nxe5 Nxe5 19. Be2 Rb8 20. e4 exd5 21. Nxd5 Bxd5 22. Rxd5 b5 23. cxb5 axb5 24. Bxe5 Rxe5 25. Rxe5 Bxe5 26. Bxb5 Bd4 27. a4 Rb6 28. Qc2 Rh6 29. Kg2 Rf6 30. Re2 h5 31. h4 Rg6 32. Qb3 Qe7 33. Bc4 Rc6 34. Qf3 Bf6 35. Kh3 0-1

[Event "Wch U18 Girls"]
[Site "Durban"]
[Date "2014.09.23"]
[Round "5"]
[White "Diederichs, Luise"]
[Black "Mynzhasarova, Kamilla"]
[Result "1-0"]
[WhiteElo "1992"]
[BlackElo "1882"]
[PlyCount "61"]
[EventDate "2014.09.20"]
[EventType "swiss"]
[EventRounds "11"]
[EventCountry "RSA"]
[SourceTitle "CBM 162 Extra"]
[Source "ChessBase"]
[SourceDate "2014.10.17"]
[SourceVersion "1"]
[SourceVersionDate "2014.10.17"]
[SourceQuality "1"]

1. d4 d5 2. c4 e6 3. Nf3 Nf6 4. Nc3 c6 5. Bg5 Nbd7 6. e3 Be7 7. Qc2 0-0 8. cxd5 exd5 9. Bd3 h6 10. Bh4 Re8 11. 0-0 Qc7 12. Nb5 Qb6 13. Nc3 Nh5 14. Bxe7 Rxe7 15. Rfe1 Nhf6 16. Rad1 Nf8 17. h3 Be6 18. Ne5 N8d7 19. f4 Nxe5 20. fxe5 Nd7 21. Na4 Qc7 22. e4 Rc8 23. exd5 Bxd5 24. Nc3 Nb6 25. Qf2 Be6 26. Re3 Kh8 27. Rg3 Rg8 28. Qf3 Bd5 29. Qh5 Rd8 30. Qf5 g6 31. Qf6+ 1-0

[Event "Wch U18 Girls"]
[Site "Durban"]
[Date "2014.09.22"]
[Round "4"]
[White "Xiao, Yiyi"]
[Black "Diederichs, Luise"]
[Result "1-0"]
[WhiteElo "2168"]
[BlackElo "1992"]
[PlyCount "123"]
[EventDate "2014.09.20"]
[EventType "swiss"]
[EventRounds "11"]
[EventCountry "RSA"]
[SourceTitle "CBM 162 Extra"]
[Source "ChessBase"]
[SourceDate "2014.10.17"]
[SourceVersion "1"]
[SourceVersionDate "2014.10.17"]
[SourceQuality "1"]

1. d4 d5 2. c4 c6 3. Nc3 Nf6 4. e3 e6 5. Nf3 Nbd7 6. Qc2 Bd6 7. Be2 0-0 8. 0-0 dxc4 9. Bxc4 b5 10. Be2 Bb7 11. Rd1 Qb8 12. e4 e5 13. dxe5 Nxe5 14. Nd4 b4 15. Nf5 Bc7 16. Na4 Re8 17. Nc5 Bc8 18. g3 Ned7 19. Bg5 Nxc5 20. Qxc5 Bxf5 21. Qxf5 Re5 22. Qf4 Nxe4 23. Bd8 Re7 24. Bxc7 Qxc7 25. Qxc7 Rxc7 26. Rd4 Re7 27. Bf3 Ng5 28. Bxc6 Rb8 29. Rad1 g6 30. h4 Ne6 31. Rd7 Rxd7 32. Rxd7 Rc8 33. Bd5 Rc2 34. Rxa7 Rxb2 35. Rb7 Rd2 36. Bc4 Rb2 37. Bb3 Kf8 38. Kg2 h5 39. Rxb4 Nc5 40. Kf3 Nxb3 41. axb3 Ke7 42. Rb6 Rc2 43. Ke3 Rb2 44. f3 Rc2 45. Ke4 Re2+ 46. Kf4 Rd2 47. Rb4 Kd6 48. Re4 Rd3 49. Re3 Rd5 50. Ke4 Ke6 51. Rd3 Rb5 52. Kd4 Rb7 53. Kc5 Rb8 54. b4 Rc8+ 55. Kb5 Rb8+ 56. Kc4 Rc8+ 57. Kb3 Rb8 58. Rd4 Ke5 59. Rf4 Ke6 60. Kc4 Rc8+ 61. Kb5 Rb8+ 62. Kc6 1-0

[Event "Feffernitz Raika op 23rd"]
[Site "Feffernitz"]
[Date "2014.08.18"]
[Round "4"]
[White "Natter, Markus"]
[Black "Diederichs, Luise"]
[Result "1/2-1/2"]
[WhiteElo "2074"]
[BlackElo "1968"]
[PlyCount "78"]
[EventDate "2014.08.16"]
[EventType "swiss"]
[EventRounds "9"]
[EventCountry "AUT"]
[SourceTitle "CBM 161 Extra"]
[Source "ChessBase"]
[SourceDate "2014.08.29"]
[SourceVersion "1"]
[SourceVersionDate "2014.08.29"]
[SourceQuality "1"]

1. d4 d5 2. Nf3 Nf6 3. e3 c6 4. c4 Bf5 5. Nc3 e6 6. Nh4 Be4 7. f3 Bg6 8. Nxg6 hxg6 9. g3 Qc7 10. Kf2 Bd6 11. Be2 Nh5 12. f4 Nd7 13. c5 Be7 14. Bd2 b6 15. b4 Nhf6 16. Bf3 Nh7 17. h4 Nhf6 18. Kg2 Rb8 19. Qc2 0-0 20. Rab1 b5 21. Rb2 Rfe8 22. Ra1 a6 23. a4 Qb7 24. Rba2 Nf8 25. axb5 axb5 26. Ra7 Qc8 27. Ne2 Rb7 28. R7a6 N6d7 29. Nc1 f6 30. e4 f5 31. e5 Qc7 32. Nb3 Nb8 33. Ra8 Bd8 34. R8a2 Qd7 35. Rh1 Ra7 36. h5 Rxa2 37. Qxa2 gxh5 38. Rxh5 g6 39. Rh2 Re7 1/2-1/2

[Event "BL2 West 1314 (Women)"]
[Site "Germany"]
[Date "2013.12.01"]
[Round "2.1"]
[White "Henrichs, Wenke"]
[Black "Diederichs, Luise"]
[Result "1-0"]
[WhiteElo "2055"]
[BlackElo "1932"]
[PlyCount "253"]
[EventDate "2013.11.30"]
[EventType "team-tourn"]
[EventRounds "7"]
[EventCountry "GER"]
[SourceTitle "EXT 2018"]
[Source "ChessBase"]
[SourceDate "2017.10.13"]
[SourceVersion "1"]
[SourceVersionDate "2017.10.13"]
[SourceQuality "1"]
[WhiteTeam "Wattenscheid (W)"]
[BlackTeam "Norderstedt Harksheide (W)"]
[WhiteTeamCountry "GER"]
[BlackTeamCountry "GER"]

1. d4 d5 2. Nf3 c6 3. e3 Nf6 4. Bd3 e6 5. 0-0 Nbd7 6. b3 Bd6 7. Bb2 Qe7 8. Nbd2 0-0 9. c4 e5 10. cxd5 Nxd5 11. dxe5 Nxe5 12. Nxe5 Bxe5 13. Qh5 f5 14. Bxe5 Qxe5 15. Nf3 Qe7 16. Nd4 Rf6 17. Rfe1 Qe5 18. f4 Nxf4 19. exf4 Qxd4+ 20. Kh1 Be6 21. Rad1 Qxf4 22. Rxe6 Rxe6 23. Bc4 Qe5 24. Qh4 Kf8 25. Bxe6 Qxe6 26. Re1 Qf6 27. Qb4+ Kg8 28. Qxb7 Rd8 29. Qxa7 Qc3 30. Qe7 Rf8 31. h3 f4 32. Qe6+ Kh8 33. Qe7 Kg8 34. Qe6+ Kh8 35. Qe5 Qc2 36. Qe2 Qf5 37. Qf3 Qa5 38. Re2 Qa6 39. Qxf4 Qa3 40. Qe5 h6 41. Kh2 Qc1 42. Re1 Qd2 43. Qe2 Qf4+ 44. Kh1 Qf5 45. a4 Rb8 46. Qc4 c5 47. Rf1 Qe5 48. Rf3 Qa1+ 49. Kh2 Qe5+ 50. Kg1 Qa1+ 51. Qf1 Qd4+ 52. Qf2 Qd1+ 53. Kh2 Qd6+ 54. Qg3 Qb6 55. Rf7 Rg8 56. Qf3 Qd6+ 57. Qf4 Qd5 58. Qf3 Qe5+ 59. Qg3 Qd5 60. Ra7 Qd4 61. Rb7 Re8 62. Rb8 Rd8 63. Rxd8+ Qxd8 64. Qe5 Qa5 65. Qb8+ Kh7 66. Qb5 Qc7+ 67. Kg1 Qe5 68. Qd3+ Kh8 69. Kf2 Qf6+ 70. Ke1 Qe5+ 71. Kd2 Qb2+ 72. Qc2 Qd4+ 73. Kc1 Qa1+ 74. Kd2 Qd4+ 75. Ke2 Qe5+ 76. Kf3 Qf6+ 77. Ke3 Qe5+ 78. Qe4 Qc3+ 79. Qd3 Qe5+ 80. Kf2 Qb2+ 81. Kg1 Qa1+ 82. Kh2 Qe1 83. Qg3 Qa5 84. Qf4 Kg8 85. Qc4+ Kh8 86. h4 Qc7+ 87. g3 Qa5 88. Kh3 Kh7 89. Qd5 Kh8 90. Kg4 Qb4+ 91. Qc4 Qb6 92. Qd5 Qb4+ 93. Kf5 Qc3 94. Kf4 Qf6+ 95. Ke4 Qg6+ 96. Kf3 Qf6+ 97. Kg4 Qg6+ 98. Kh3 Qb6 99. h5 Qb4 100. Qc4 Qb6 101. Kg4 Kh7 102. Qd5 Qb4+ 103. Kf5 Qc3 104. Kf4 Qc1+ 105. Ke5 Qc3+ 106. Kd6 Qb4 107. Kc6 Kh8 108. Qc4 Qe1 109. g4 Qe8+ 110. Kxc5 Qc8+ 111. Kb4 Qb7+ 112. Ka3 Qe7+ 113. Qb4 Qf6 114. Qd2 Qa1+ 115. Kb4 Qf1 116. a5 Qf8+ 117. Ka4 Qe8+ 118. Ka3 Qc6 119. Qd8+ Kh7 120. Qd3+ Kh8 121. b4 Qc1+ 122. Ka4 Qa1+ 123. Kb3 Qe5 124. Qc4 Qe1 125. a6 Qb1+ 126. Ka4 Qa1+ 127. Kb5 1-0